[Event "Sparkassen-Open A"]
[Site "Heusenstamm, Martinsee"]
[Date "2017.11.24"]
[Round "3.78"]
[White "Rutsatz, Mario"]
[Black "Bajorski, Marius"]
[Result "1-0"]
[WhiteElo "1996"]
[BlackElo "1843"]
[PlyCount "101"]
[EventDate "2017.??.??"]
[WhiteTeam "SF Frankfurt"]
[BlackTeam "SV Hofheim"]

1. c4 b6 2. d4 e6 3. e4 Bb7 4. Nd2 c5 5. d5 Bd6 6. Qg4 Qf6 7. Bd3 Ne7 8. Ndf3
h6 9. Ne2 Ng6 10. O-O O-O 11. Bd2 Be5 12. Ng3 Bxg3 13. Qxg3 e5 14. h4 d6 15.
Bxh6 gxh6 16. h5 Kh7 17. hxg6+ fxg6 18. Nh2 Qf4 19. Qxf4 exf4 20. g3 Nd7 21.
Nf3 Rae8 22. Rae1 Ne5 23. Nxe5 Rxe5 24. gxf4 Rxf4 25. Re3 Rg5+ 26. Kh2 Bc8 27.
Rg3 Rxg3 28. Kxg3 Rg4+ 29. Kf3 Kg7 30. Ke3 g5 31. Be2 Rf4 32. a3 Bg4 33. Bxg4
Rxg4 34. b4 Rf4 35. bxc5 bxc5 36. Rb1 Rf8 37. Rb7+ Rf7 38. Rb8 Rf8 39. Rb5 Rf7
40. f3 h5 41. e5 a6 42. Rb6 dxe5 43. Re6 g4 44. fxg4 hxg4 45. Rxe5 Kg6 46. Re8
Rf3+ 47. Ke2 Rxa3 48. d6 Ra2+ 49. Ke3 g3 50. d7 g2 51. Rg8+ 1-0

[Event "Sparkassen-Open A"]
[Site "Heusenstamm, Martinsee"]
[Date "2017.11.24"]
[Round "3.79"]
[White "Zweschper, Erich"]
[Black "Grund, Sebastian"]
[Result "1-0"]
[WhiteElo "1982"]
[BlackElo "1799"]
[PlyCount "51"]
[EventDate "2017.??.??"]
[WhiteTeam "SV Kelsterbach"]
[BlackTeam "MTV Saalfeld"]

1. d4 Nf6 2. c4 g6 3. Nc3 d5 4. cxd5 Nxd5 5. e4 Nxc3 6. bxc3 Bg7 7. Bc4 c5 8.
Ne2 O-O 9. Be3 Nc6 10. h4 cxd4 11. cxd4 Qa5+ 12. Kf1 Qa3 13. h5 Rd8 14. hxg6
hxg6 15. Bb3 a5 16. Qd3 Qd6 17. Bf4 e5 18. Bg5 Re8 19. Qf3 Rf8 20. Qg3 Ne7 21.
Qh4 Re8 22. Qh7+ Kf8 23. Bh6 Qf6 24. Qh8+ Ng8 25. Bxg7+ Qxg7 26. Rh7 1-0

[Event "Sparkassen-Open A"]
[Site "Heusenstamm, Martinsee"]
[Date "2017.11.24"]
[Round "3.80"]
[White "Kilthau, Peter"]
[Black "Schmidt, Max"]
[Result "0-1"]
[WhiteElo "1826"]
[BlackElo "1992"]
[PlyCount "60"]
[EventDate "2017.??.??"]
[WhiteTeam "SK Mannheim"]
[BlackTeam "Frankfurter TV"]

1. e4 c5 2. Nf3 g6 3. Bc4 Bg7 4. O-O Nc6 5. c3 e6 6. d4 cxd4 7. cxd4 d5 8. exd5
exd5 9. Re1+ Nge7 10. Bb3 h6 11. h3 O-O 12. Nc3 Be6 13. Be3 Nf5 14. Bc2 Qd7 15.
Rc1 Rfd8 16. Qd2 Kh7 17. Na4 b6 18. b4 Rac8 19. a3 Nd6 20. Bb3 Nc4 21. Qa2 Ne7
22. Nd2 Nf5 23. Nc3 Nxd4 24. Bxd4 Bxd4 25. Ba4 Qb7 26. Nf3 Bg7 27. Bb3 b5 28.
a4 bxa4 29. Bxc4 Rxc4 30. Nxa4 Qxb4 0-1

[Event "Sparkassen-Open A"]
[Site "Heusenstamm, Martinsee"]
[Date "2017.11.24"]
[Round "3.81"]
[White "Günther, Andreas"]
[Black "Papadopoulos, Ioannis"]
[Result "1-0"]
[WhiteElo "1991"]
[BlackElo "1836"]
[PlyCount "95"]
[EventDate "2017.??.??"]
[WhiteTeam "SG Wächtersbach"]
[BlackTeam "SV Oberursel"]

1. d4 d5 2. Bf4 Bf5 3. c4 c6 4. Nc3 Nf6 5. Qb3 Qb6 6. c5 Qxb3 7. axb3 Nbd7 8.
Nf3 e6 9. b4 Be7 10. h3 O-O 11. b5 Ne4 12. bxc6 bxc6 13. Ra6 Rfc8 14. e3 Ndf6
15. Nxe4 Nxe4 16. Be2 f6 17. O-O e5 18. dxe5 Bxc5 19. exf6 Nxf6 20. Rc1 Bb6 21.
Nd4 Bd7 22. b4 c5 23. bxc5 Bxc5 24. Nb5 Bb6 25. Rd1 Bc6 26. Nd6 Rd8 27. Rc1 Bd7
28. Be5 Ne4 29. Nxe4 dxe4 30. Bc4+ Kh8 31. Raa1 Rac8 32. Ba6 Rxc1+ 33. Rxc1 Re8
34. Bb2 h6 35. Rd1 Ba4 36. Rd6 Rd8 37. Rxh6+ Kg8 38. Bc4+ Kf8 39. Rh8+ Ke7 40.
Rxd8 Kxd8 41. Bxg7 Ba5 42. h4 Bb4 43. h5 Be8 44. g4 Be7 45. Kg2 a5 46. Bd5 a4
47. Bxe4 Bf7 48. h6 1-0

[Event "Sparkassen-Open A"]
[Site "Heusenstamm, Martinsee"]
[Date "2017.11.24"]
[Round "3.82"]
[White "Feicht, Arno"]
[Black "Browning, Rebecca"]
[Result "0-1"]
[WhiteElo "1988"]
[BlackElo "1830"]
[PlyCount "120"]
[EventDate "2017.??.??"]
[WhiteTeam "SV Alsfeld"]
[BlackTeam "SG Porz"]

1. e4 e6 2. d4 d5 3. Nc3 Nf6 4. Bg5 dxe4 5. Nxe4 Be7 6. Bxf6 Bxf6 7. Nf3 O-O 8.
Nxf6+ Qxf6 9. Bd3 b6 10. Be4 c6 11. h4 Qh6 12. Ne5 f5 13. Bf3 Bb7 14. g3 Qf6
15. Qd2 a5 16. O-O-O Ra7 17. Rhe1 c5 18. Bxb7 Rxb7 19. dxc5 bxc5 20. c3 a4 21.
a3 c4 22. Qd6 f4 23. g4 f3 24. g5 Qf4+ 25. Kb1 Qf5+ 26. Ka2 Qc2 27. Rb1 Qb3+
28. Ka1 Rb6 29. Qd1 Qb5 30. Re4 Na6 31. Qd7 Nc5 32. Qxb5 Rxb5 33. Re3 Rfb8 34.
Nxc4 Nb3+ 35. Ka2 Rc5 36. Ne5 Rd5 37. Nd3 e5 38. c4 Rd4 39. Nxe5 Rd2 40. Nd3
Rd8 41. Nb4 Rxf2 42. Rd3 Rc8 43. Rc3 Rh2 44. Nd5 Rf8 45. Rxb3 axb3+ 46. Kxb3 f2
47. Rf1 Rg2 48. Ka4 Rg1 49. Rxf2 Rxf2 50. b4 Rg4 51. Kb5 Rxh4 52. a4 Rc2 53. c5
Rd4 54. Kc6 Rg2 55. a5 Rxg5 56. Nc7 Rxb4 57. a6 Ra4 58. Kb6 h5 59. a7 Rxa7 60.
Kxa7 Rxc5 0-1

[Event "Sparkassen-Open A"]
[Site "Heusenstamm, Martinsee"]
[Date "2017.11.24"]
[Round "3.83"]
[White "Kalepky, Helmut"]
[Black "Fröhlich-Dill, Astrid"]
[Result "1-0"]
[WhiteElo "1985"]
[BlackElo "1830"]
[PlyCount "109"]
[EventDate "2017.??.??"]
[WhiteTeam "SF Heidesheim"]
[BlackTeam "SV Hofheim"]

1. e4 g6 2. Nc3 Bg7 3. Nge2 d6 4. Ng3 Nf6 5. Bc4 Bg4 6. f3 Bd7 7. d4 Nc6 8. Be3
Na5 9. Bd3 a6 10. Qd2 h5 11. h4 b5 12. Qe2 Nc6 13. Qf2 e5 14. d5 Na5 15. b4 Nc4
16. Bxc4 bxc4 17. Qe2 O-O 18. Qxc4 Qb8 19. a4 Rc8 20. Qb3 c6 21. Rc1 cxd5 22.
Nxd5 Nxd5 23. exd5 f5 24. Ne2 f4 25. Bf2 Rc7 26. c4 Qe8 27. Nc3 Rb8 28. a5 Rbc8
29. Ne4 Qf8 30. Bb6 Bf5 31. Bxc7 Rxc7 32. Ke2 Bxe4 33. fxe4 Qc8 34. Qd3 Bf6 35.
Qh3 Qd8 36. Rc2 Kg7 37. g4 Qc8 38. g5 Be7 39. Qxc8 Rxc8 40. Kf3 Rb8 41. Rb1 Kf7
42. Ke2 Ke8 43. Kd3 Bd8 44. Ra2 Kd7 45. Rb3 Bc7 46. Kc3 f3 47. Rb1 Rf8 48. Rf1
Rf4 49. Kd3 Rxh4 50. Rxf3 Bd8 51. b5 axb5 52. cxb5 Kc8 53. a6 Kb8 54. a7+ Ka8
55. Rf8 1-0

[Event "Sparkassen-Open A"]
[Site "Heusenstamm, Martinsee"]
[Date "2017.11.24"]
[Round "3.84"]
[White "Rack, Matthias"]
[Black "Jordake, Michael"]
[Result "1-0"]
[WhiteElo "1984"]
[BlackElo "1813"]
[PlyCount "75"]
[EventDate "2017.??.??"]
[WhiteTeam "SF Neuberg"]
[BlackTeam "SC Bergen-Enkheim"]

1. d4 Nf6 2. Nf3 e6 3. g3 b6 4. Bg2 Bb7 5. O-O Be7 6. c4 O-O 7. Nc3 Ne4 8. Qc2
Nxc3 9. Qxc3 f5 10. Rd1 Bf6 11. Qb3 d6 12. h4 Qc8 13. Bf4 a5 14. Rac1 Re8 15.
Bg5 Nd7 16. Qc2 Bxg5 17. hxg5 Be4 18. Qd2 Nf8 19. Nh4 Bxg2 20. Kxg2 Qb7+ 21. f3
Rad8 22. Kf2 Qc8 23. Qc2 g6 24. f4 Nd7 25. Nf3 c5 26. Rh1 cxd4 27. Nxd4 Nc5 28.
Rh6 Ne4+ 29. Kg2 Qb7 30. Nf3 Re7 31. b3 Qc7 32. e3 Qc5 33. Re1 Rc8 34. Qb2 b5
35. Reh1 Qxe3 36. Rxg6+ Kf7 37. Rg7+ Ke8 38. Rxe7+ 1-0

[Event "Sparkassen-Open A"]
[Site "Heusenstamm, Martinsee"]
[Date "2017.11.24"]
[Round "3.85"]
[White "Binner, Peter"]
[Black "Tremöhlen, Thomas"]
[Result "0-1"]
[WhiteElo "1788"]
[BlackElo "1978"]
[PlyCount "62"]
[EventDate "2017.??.??"]
[WhiteTeam "Vorw.Orient Mainz"]
[BlackTeam "SG Kaarst"]

1. c4 Nf6 2. Nc3 g6 3. g3 Bg7 4. Bg2 O-O 5. d4 d6 6. e4 c6 7. Nge2 Nbd7 8. O-O
e5 9. d5 cxd5 10. cxd5 h6 11. h3 a6 12. Be3 Nh5 13. Qd2 Kh7 14. g4 Nhf6 15. Ng3
Nb6 16. b3 Bd7 17. Bf3 Ng8 18. Kg2 Nc8 19. Rh1 Nce7 20. Qd3 Rc8 21. h4 Nf6 22.
g5 Ng4 23. Bxg4 Bxg4 24. h5 gxh5 25. Nxh5 Bxh5 26. Rxh5 Qd7 27. Ne2 Ng6 28.
Rah1 Qg4+ 29. Kf1 Nf4 30. Nxf4 exf4 31. R1h4 Qf3 0-1

[Event "Sparkassen-Open A"]
[Site "Heusenstamm, Martinsee"]
[Date "2017.11.24"]
[Round "3.86"]
[White "Prill, Gerhard"]
[Black "Schäfer, Peter Felix"]
[Result "1-0"]
[WhiteElo "1960"]
[BlackElo "1813"]
[PlyCount "31"]
[EventDate "2017.??.??"]
[WhiteTeam "SC Heitersheim"]
[BlackTeam "vereinslos"]

1. e4 e6 2. d4 d5 3. Nc3 Nf6 4. Bg5 dxe4 5. Nxe4 Be7 6. Bxf6 gxf6 7. Ne2 f5 8.
N4c3 Bf6 9. Qd2 c5 10. d5 a6 11. Qe3 Qc7 12. O-O-O b5 13. d6 Qc6 14. Nd5 Nd7
15. Nxf6+ Nxf6 16. Qe5 1-0

[Event "Sparkassen-Open A"]
[Site "Heusenstamm, Martinsee"]
[Date "2017.11.24"]
[Round "3.87"]
[White "Becker, Peter"]
[Black "Köllner, Felicitas Ophelia"]
[Result "1-0"]
[WhiteElo "1952"]
[BlackElo "1766"]
[PlyCount "67"]
[EventDate "2017.??.??"]
[WhiteTeam "SF Schöneck"]
[BlackTeam "SV Bergneustadt/Derschlag"]

1. f4 d6 2. Nf3 Nf6 3. e3 Nbd7 4. Nc3 e5 5. Bc4 Be7 6. O-O c6 7. fxe5 dxe5 8.
d4 exd4 9. exd4 O-O 10. Bf4 Nb6 11. Bb3 c5 12. dxc5 Bxc5+ 13. Kh1 Ng4 14. Qxd8
Rxd8 15. h3 Ne3 16. Rfe1 Nec4 17. Bc7 Rf8 18. Ne4 Bb4 19. c3 Be7 20. Ned2 Nxd2
21. Nxd2 Bf6 22. Ne4 Bh4 23. Rf1 Bd7 24. Nd6 Bg3 25. Nxf7 Bxc7 26. Nd8+ Rf7 27.
Nxf7 Kf8 28. Ng5+ Ke7 29. Rf7+ Kd6 30. Rd1+ Kc6 31. Rxg7 Rf8 32. Nxh7 Re8 33.
Nf6 Be5 34. Nxe8 1-0

[Event "Sparkassen-Open A"]
[Site "Heusenstamm, Martinsee"]
[Date "2017.11.24"]
[Round "3.88"]
[White "Weiland, Thomas"]
[Black "Bethke, Robert"]
[Result "1/2-1/2"]
[WhiteElo "1787"]
[BlackElo "1929"]
[PlyCount "163"]
[EventDate "2017.??.??"]
[WhiteTeam "SV Oberursel"]
[BlackTeam "SF Neuberg"]

1. e4 e5 2. Nf3 Nf6 3. Nc3 Nc6 4. d3 Be7 5. Be2 O-O 6. O-O d5 7. exd5 Nxd5 8.
Bd2 Be6 9. Re1 f6 10. a3 a5 11. Nxd5 Bxd5 12. Be3 Kh8 13. c4 Bf7 14. Rb1 f5 15.
h3 Bg6 16. Bd2 e4 17. Nh2 exd3 18. Bf3 Bd6 19. b4 axb4 20. axb4 Ra2 21. Nf1 Nd4
22. c5 Be7 23. Bxb7 f4 24. Be4 Ne2+ 25. Rxe2 dxe2 26. Qxe2 f3 27. gxf3 Bg5 28.
Bxg6 Bxd2 29. Be4 Qg5+ 30. Kh1 Qh6 31. Kg2 Qg5+ 32. Kh1 Rd8 33. Rd1 Rb2 34. b5
Qxc5 35. Bc6 Qg5 36. Ng3 Bc3 37. Rxd8+ Qxd8 38. Qf1 Rd2 39. Kg2 Rb2 40. Ne4 Be5
41. Qc1 Qf8 42. Qg5 Bf4 43. Qh5 Rb1 44. Ng5 Bxg5 45. Qxg5 Re1 46. Be4 Rd1 47.
Qh5 Qg8 48. Qc5 Rd7 49. Qc6 Qd8 50. Qc5 Rd6 51. Qh5 Rh6 52. Qg4 Qe8 53. Qg3 Rd6
54. Qh4 h6 55. Qf4 Qd8 56. Qf5 Qg5+ 57. Qxg5 hxg5 58. Kg3 g6 59. Kg4 Kg7 60.
Kxg5 Rd2 61. Bxg6 Rxf2 62. Be4 Rg2+ 63. Kf4 Rb2 64. Bc6 Rb4+ 65. Kg5 Rd4 66. h4
Rd1 67. h5 Rg1+ 68. Kf4 Kh6 69. Be8 Re1 70. Bg6 Re6 71. Kf5 Rb6 72. Be8 Rb8 73.
Bc6 Kxh5 74. Ke5 Rd8 75. f4 Kg6 76. f5+ Kf7 77. Bd5+ Kf8 78. Bc6 Rd2 79. Kf6
Rd6+ 80. Ke5 Ke7 81. Bd5 Rh6 82. Bc6 1/2-1/2

[Event "Sparkassen-Open A"]
[Site "Heusenstamm, Martinsee"]
[Date "2017.11.24"]
[Round "3.89"]
[White "Kornitzky, Tino"]
[Black "Deutsch, Christoph"]
[Result "1/2-1/2"]
[WhiteElo "1922"]
[BlackElo "1788"]
[PlyCount "68"]
[EventDate "2017.??.??"]
[WhiteTeam "SC Erlangen"]
[BlackTeam "SK Gründau"]

1. d4 d5 2. c4 c6 3. cxd5 cxd5 4. Bf4 Nc6 5. e3 Nf6 6. Nc3 a6 7. Bd3 Bg4 8.
Nge2 e6 9. O-O Be7 10. Rc1 O-O 11. Na4 Rc8 12. Nc5 Bxc5 13. Rxc5 Qd7 14. Qb3
Ne4 15. Bxe4 Bxe2 16. Re1 Bc4 17. Qb6 Bxa2 18. Bd3 Bc4 19. Bxc4 dxc4 20. Rxc4
Rfd8 21. Rc5 h6 22. h3 Ne7 23. Bg3 Nd5 24. Qb3 Rc6 25. Rec1 Rdc8 26. Qc4 Nf6
27. Qc2 Rxc5 28. dxc5 Qc6 29. Be5 Nd7 30. Bd6 b6 31. b4 a5 32. bxa5 bxa5 33.
Ra1 a4 34. Qa2 Nxc5 1/2-1/2

[Event "Sparkassen-Open A"]
[Site "Heusenstamm, Martinsee"]
[Date "2017.11.24"]
[Round "3.90"]
[White "Wenzel, Calvin"]
[Black "Hochmuth, Christian"]
[Result "1/2-1/2"]
[WhiteElo "1629"]
[BlackElo "1911"]
[PlyCount "46"]
[EventDate "2017.??.??"]
[WhiteTeam "SK Gernsheim"]
[BlackTeam "SG Wächtersbach"]

1. b3 e5 2. Bb2 Nc6 3. e3 d6 4. Bb5 Bd7 5. Ne2 a6 6. Bxc6 Bxc6 7. O-O Qg5 8.
Ng3 Qg6 9. d4 h5 10. d5 Bd7 11. Qd3 Qxd3 12. cxd3 h4 13. Ne2 Bb5 14. Rd1 Ne7
15. e4 g5 16. f3 Ng6 17. a4 Bd7 18. Na3 Bh6 19. g4 hxg3 20. hxg3 O-O-O 21. g4
Rh7 22. Kg2 Rdh8 23. Rh1 Bf8 1/2-1/2

[Event "Sparkassen-Open A"]
[Site "Heusenstamm, Martinsee"]
[Date "2017.11.24"]
[Round "3.91"]
[White "Lotz, Ralf"]
[Black "Degenhardt, Andreas"]
[Result "1/2-1/2"]
[WhiteElo "1910"]
[BlackElo "1775"]
[PlyCount "86"]
[EventDate "2017.??.??"]
[WhiteTeam "SC Obertshausen"]
[BlackTeam "SC Lorsch"]

1. d4 d5 2. Nf3 Nf6 3. c4 e6 4. Bg5 a6 5. Nc3 dxc4 6. a4 Nc6 7. e4 Na5 8. e5 h6
9. Bd2 Nd5 10. Nxd5 Qxd5 11. Be2 Nb3 12. Rb1 Nxd4 13. Nxd4 Qxd4 14. Bc3 Qxd1+
15. Rxd1 Be7 16. Bxc4 Bd7 17. a5 Bc6 18. O-O O-O 19. b4 Rfd8 20. Rb1 Be4 21.
Rbd1 Bc2 22. Rc1 Bd3 23. Bxd3 Rxd3 24. Rfd1 Rad8 25. Rxd3 Rxd3 26. Kf1 Rd5 27.
f4 Rb5 28. Be1 c6 29. Rc4 f6 30. Bc3 Kf7 31. Ke2 Rd5 32. Ke3 fxe5 33. fxe5 Bg5+
34. Ke4 Bd2 35. g4 Bxc3 36. Rxc3 Rb5 37. Rc4 g5 38. h3 Ke7 39. Rd4 c5 40. bxc5
Rxa5 41. Rc4 Kd7 42. Rd4+ Ke7 43. Rc4 Kd7 1/2-1/2

[Event "Sparkassen-Open A"]
[Site "Heusenstamm, Martinsee"]
[Date "2017.11.24"]
[Round "3.92"]
[White "Tjahja, Deryl"]
[Black "Bayer, Martin"]
[Result "0-1"]
[WhiteElo "1904"]
[BlackElo "1760"]
[PlyCount "139"]
[EventDate "2017.??.??"]
[WhiteTeam "SGem Vaihingen-Rohr"]
[BlackTeam "SK Gründau"]

1. e4 e5 2. Nf3 Nc6 3. g3 Nf6 4. d3 d5 5. exd5 Nxd5 6. Bg2 Be6 7. O-O Be7 8.
Re1 Bf6 9. Nbd2 h5 10. Nc4 Bg4 11. h3 Bxf3 12. Bxf3 Qd7 13. h4 O-O-O 14. Bxh5
Kb8 15. Bg4 Qe7 16. h5 Bg5 17. Ne3 Nf6 18. Nf5 Qe6 19. Bxg5 Nxg4 20. Nxg7 Qd7
21. Bxd8 Rxd8 22. Re4 Nh6 23. Qd2 Nf5 24. Nxf5 Qxf5 25. h6 Qxe4 26. dxe4 Rxd2
27. h7 Rd8 28. Kg2 Kc8 29. Rh1 Rh8 30. c3 Kd7 31. f4 Ke7 32. b4 f6 33. Rh5 a6
34. a4 Ke6 35. Kf3 exf4 36. gxf4 Kf7 37. b5 axb5 38. axb5 Ne7 39. Rc5 c6 40.
bxc6 bxc6 41. Rh5 Kg6 42. Rh3 Rxh7 43. Rg3+ Kf7 44. Ke3 Ke6 45. Kd4 Rh4 46. Ke3
f5 47. c4 c5 48. Kf3 Kf6 49. exf5 Nxf5 50. Rg5 Nd4+ 51. Ke3 Ne6 52. Rg8 Rxf4
53. Kd3 Ke5 54. Rg3 Rf1 55. Re3+ Kf5 56. Kd2 Ra1 57. Rf3+ Nf4 58. Rb3 Ke4 59.
Kc3 Rc1+ 60. Kd2 Rxc4 61. Re3+ Kd4 62. Rf3 Kd5 63. Ra3 Re4 64. Ra8 Kd4 65. Rd8+
Nd5 66. Rd7 c4 67. Rd8 c3+ 68. Kd1 Kc4 69. Kc2 Nb4+ 70. Kd1 0-1

[Event "Sparkassen-Open A"]
[Site "Heusenstamm, Martinsee"]
[Date "2017.11.24"]
[Round "3.93"]
[White "Laux, Dominik"]
[Black "Niedenthal, Robert"]
[Result "1/2-1/2"]
[WhiteElo "1888"]
[BlackElo "1717"]
[PlyCount "45"]
[EventDate "2017.??.??"]
[WhiteTeam "VSG Offenbach"]
[BlackTeam "SV Hofheim"]

1. d4 Nf6 2. Bf4 c5 3. e3 e6 4. Nd2 b6 5. Ngf3 Bb7 6. h3 g6 7. Bd3 Bg7 8. c3
O-O 9. O-O d6 10. Re1 d5 11. Ne5 Nh5 12. Bh2 f5 13. Rc1 c4 14. Bc2 a6 15. f3
Nd7 16. Nxd7 Qxd7 17. e4 Qf7 18. exf5 exf5 19. Qe2 Rae8 20. Qf2 Bh6 21. Bd6
Rxe1+ 22. Rxe1 Re8 23. Be5 1/2-1/2

[Event "Sparkassen-Open A"]
[Site "Heusenstamm, Martinsee"]
[Date "2017.11.24"]
[Round "3.94"]
[White "Thomas, Tobias"]
[Black "Riemann, Jonas"]
[Result "1/2-1/2"]
[WhiteElo "1879"]
[BlackElo "1717"]
[PlyCount "74"]
[EventDate "2017.??.??"]
[WhiteTeam "SK Langen"]
[BlackTeam "SK Bickenbach"]

1. d4 Nf6 2. Nf3 e6 3. e3 d5 4. Bd3 c5 5. b3 Nc6 6. O-O Be7 7. Bb2 O-O 8. Nbd2
b6 9. Ne5 Bb7 10. f4 Nxe5 11. fxe5 Ne4 12. Bxe4 dxe4 13. Qg4 Bg5 14. Rae1 Rc8
15. c4 Qe7 16. Nxe4 Bxe4 17. Qxe4 f5 18. exf6 Bxf6 19. Re2 Rf7 20. dxc5 bxc5
21. Ref2 Rcf8 22. Bxf6 Rxf6 23. Rxf6 Rxf6 24. Rxf6 gxf6 25. Kf2 Qd7 26. Ke2 Kg7
27. a3 a5 28. g3 a4 29. bxa4 Qxa4 30. Qg4+ Kf7 31. Qh5+ Kg7 32. Qxc5 Qc2+ 33.
Kf3 Qd1+ 34. Kg2 Qe2+ 35. Kh3 Kg6 36. Qd4 f5 37. Qf4 Qh5+ 1/2-1/2

[Event "Sparkassen-Open A"]
[Site "Heusenstamm, Martinsee"]
[Date "2017.11.24"]
[Round "3.95"]
[White "Altenbernd, Dirk"]
[Black "Masoudi, Kian"]
[Result "1/2-1/2"]
[WhiteElo "1875"]
[BlackElo "1581"]
[PlyCount "80"]
[EventDate "2017.??.??"]
[WhiteTeam "SK Tönsberg Oerlinghausen"]
[BlackTeam "SC Bergen-Enkheim"]

1. c4 c5 2. g3 e6 3. Bg2 d5 4. Nf3 Nf6 5. b3 Be7 6. Bb2 O-O 7. O-O b6 8. e3 Bb7
9. Qe2 Nbd7 10. Nc3 Ne8 11. d3 Bf6 12. Ne1 Nc7 13. Nc2 Rb8 14. Rab1 Ne5 15.
Rfd1 Ng6 16. d4 Qe7 17. Na4 Rfd8 18. Ba3 Na6 19. cxd5 exd5 20. Qh5 Nb4 21. Bxb4
cxb4 22. Qe2 Qd6 23. Qd2 Be7 24. Ne1 Nf8 25. Nd3 f6 26. Rbc1 Ne6 27. f4 Nc7 28.
Rc2 Nb5 29. Rdc1 Bf8 30. Bh3 Re8 31. Kf2 Qe7 32. Re1 Nd6 33. Bg2 Nb5 34. Bh3
Na3 35. Rcc1 Ba6 36. Bg2 Rbc8 37. Bxd5+ Kh8 38. Rxc8 Rxc8 39. Rc1 Rxc1 40. Nxc1
Qd7 1/2-1/2

[Event "Sparkassen-Open A"]
[Site "Heusenstamm, Martinsee"]
[Date "2017.11.24"]
[Round "3.96"]
[White "Ohler, Julius"]
[Black "Eichner, Christian"]
[Result "0-1"]
[WhiteElo "1646"]
[BlackElo "2064"]
[PlyCount "105"]
[EventDate "2017.??.??"]
[WhiteTeam "SG Trier"]
[BlackTeam "SV TuR Dresden"]

1. d4 f5 2. Nc3 Nf6 3. Bg5 Ne4 4. Nxe4 fxe4 5. e3 g6 6. h4 h6 7. Bf4 d6 8. Be2
Bg7 9. Bg4 Nc6 10. c3 e5 11. Bxc8 Qxc8 12. dxe5 Bxe5 13. Ne2 Qg4 14. Bxe5 Nxe5
15. Nf4 Qxd1+ 16. Rxd1 Kd7 17. Ke2 Rae8 18. Rd2 Rhf8 19. h5 g5 20. Ng6 Rf6 21.
Nxe5+ Rxe5 22. g4 b5 23. b3 Rc5 24. Rc2 a5 25. Rf1 d5 26. f4 exf3+ 27. Rxf3
Rxf3 28. Kxf3 Ke6 29. Ke2 b4 30. Kd3 Ke5 31. Rc1 Rxc3+ 32. Rxc3 bxc3 33. Kxc3
Ke4 34. Kd2 c6 35. a3 Kf3 36. Kd3 c5 37. e4 dxe4+ 38. Kc4 e3 39. Kxc5 e2 40. b4
e1=Q 41. b5 Kxg4 42. b6 Qe7+ 43. Kb5 Qxa3 44. b7 Qb4+ 45. Kc6 a4 46. Kc7 a3 47.
b8=Q Qxb8+ 48. Kxb8 a2 49. Kc7 a1=Q 50. Kd6 Kxh5 51. Kd5 Qe1 52. Kd4 g4 53. Kd5
0-1

[Event "Sparkassen-Open A"]
[Site "Heusenstamm, Martinsee"]
[Date "2017.11.24"]
[Round "3.97"]
[White "Krastev, Alexander"]
[Black "Bengsch, Norbert"]
[Result "1-0"]
[WhiteElo "2027"]
[BlackElo "1799"]
[PlyCount "45"]
[EventDate "2017.??.??"]
[WhiteTeam "Biebertaler SF"]
[BlackTeam "SG Donautal Tuttlingen"]

1. e4 Nf6 2. e5 Nd5 3. d4 d6 4. c4 Nb6 5. exd6 cxd6 6. Nc3 g6 7. Be3 Bg7 8. Rc1
O-O 9. b3 N6d7 10. Nf3 b6 11. Be2 Bb7 12. O-O Nf6 13. d5 Nbd7 14. Nd4 a6 15.
Qd2 Nc5 16. Bf3 e5 17. dxe6 Bxf3 18. exf7+ Rxf7 19. Nxf3 Nfe4 20. Nxe4 Nxe4 21.
Qd5 Nf6 22. Qd3 Ng4 23. Bd4 1-0

[Event "Sparkassen-Open A"]
[Site "Heusenstamm, Martinsee"]
[Date "2017.11.24"]
[Round "3.98"]
[White "Rüll, Michael"]
[Black "Rödiger, Thomas"]
[Result "1/2-1/2"]
[WhiteElo "1801"]
[BlackElo "2006"]
[PlyCount "46"]
[EventDate "2017.??.??"]
[WhiteTeam "SC Obertshausen"]
[BlackTeam "SC Bad Soden"]

1. d4 Nf6 2. Bf4 d5 3. e3 e6 4. c3 Bd6 5. Bg3 c5 6. Nd2 Nc6 7. Ngf3 cxd4 8.
exd4 Qc7 9. Bd3 O-O 10. Qe2 a6 11. a4 g6 12. Ne5 Bxe5 13. Bxe5 Nxe5 14. Qxe5
Qxe5+ 15. dxe5 Nd7 16. f4 Nc5 17. Bc2 b6 18. b4 Nd7 19. Nb3 Bb7 20. Nd4 Rac8
21. Kd2 Nb8 22. a5 b5 23. Bd3 Bc6 1/2-1/2

[Event "Sparkassen-Open A"]
[Site "Heusenstamm, Martinsee"]
[Date "2017.11.24"]
[Round "3.99"]
[White "Zimmer, Gerald"]
[Black "Spelleken, Hans-Gerd"]
[Result "1-0"]
[WhiteElo "1982"]
[BlackElo "1784"]
[PlyCount "35"]
[EventDate "2017.??.??"]
[WhiteTeam "SC Bergen-Enkheim"]
[BlackTeam "SF Dettingen"]

1. d4 d5 2. c4 c6 3. Nc3 Nf6 4. Nf3 Bf5 5. cxd5 Nxd5 6. Qb3 Nxc3 7. bxc3 b5 8.
a4 Be6 9. Qb2 bxa4 10. Rxa4 Nd7 11. e4 Nb6 12. Ra6 Bg4 13. Ne5 Bd7 14. Qa2 Be6
15. Qa5 f6 16. Nxc6 Qc7 17. d5 Nxd5 18. exd5 1-0

[Event "Sparkassen-Open A"]
[Site "Heusenstamm, Martinsee"]
[Date "2017.11.24"]
[Round "3.100"]
[White "Blübaum, Johanna"]
[Black "Haller, Luis"]
[Result "1/2-1/2"]
[WhiteElo "1974"]
[BlackElo "1711"]
[PlyCount "85"]
[EventDate "2017.??.??"]
[WhiteTeam "SV Königsspringer Lemgo"]
[BlackTeam "SF Konz-Karthaus"]

1. d4 d5 2. c4 c6 3. Nc3 Nf6 4. e3 e6 5. Nf3 Nbd7 6. Bd3 dxc4 7. Bxc4 b5 8. Bd3
a6 9. e4 c5 10. d5 Bb7 11. dxe6 fxe6 12. Ng5 Qb6 13. O-O c4 14. Bc2 Bc5 15. Qe2
h6 16. Nf3 O-O 17. e5 Ng4 18. Ne4 Ngxe5 19. Nxe5 Nxe5 20. Nxc5 Qxc5 21. Be3 Qd5
22. f3 Nd3 23. Rad1 Rad8 24. b3 e5 25. bxc4 bxc4 26. Bb6 Rd7 27. Qe3 Kh8 28.
Rf2 Rf6 29. Re2 Qc6 30. Ba7 Rfd6 31. Red2 e4 32. fxe4 Qxe4 33. Rf1 Qxe3+ 34.
Bxe3 Kg8 35. Rfd1 Be4 36. Ba4 Rb7 37. Rc2 Rg6 38. Rxc4 Bxg2 39. Rc8+ Kh7 40.
Be8 Rg4 41. Bh5 Bf3+ 42. Bxg4 Bxg4 43. Rxd3 1/2-1/2

[Event "Sparkassen-Open A"]
[Site "Heusenstamm, Martinsee"]
[Date "2017.11.24"]
[Round "3.101"]
[White "Reinecke, Katharina"]
[Black "Boder, Jan"]
[Result "1-0"]
[WhiteElo "1888"]
[BlackElo "1756"]
[PlyCount "87"]
[EventDate "2017.??.??"]
[WhiteTeam "SK Langen"]
[BlackTeam "SG Mörsdorf-Lahr"]

1. d4 Nf6 2. c4 c5 3. d5 b5 4. cxb5 a6 5. bxa6 Bxa6 6. Nc3 d6 7. e4 Bxf1 8.
Kxf1 g6 9. Nf3 Nbd7 10. g3 Bg7 11. Kg2 O-O 12. a4 Ng4 13. Qe2 Nge5 14. Nd2 Nb6
15. Ra3 Qc7 16. f4 Ned7 17. a5 Nc8 18. Nc4 Na7 19. Bd2 Qb7 20. Rha1 Nb5 21.
Nxb5 Qxb5 22. Bc3 Ra6 23. Bxg7 Kxg7 24. Qc2 Qb7 25. Rb3 Qc7 26. Raa3 Re8 27.
Qe2 Raa8 28. Qd2 Reb8 29. Qc2 f6 30. Rxb8 Rxb8 31. Rb3 Ra8 32. Rb5 Nb8 33. Qb3
Na6 34. Rb7 Qd8 35. Qb5 Kf8 36. Nb6 Kf7 37. Nxa8 Qxa8 38. Qd7 Qf8 39. Qe6+ Ke8
40. Qc8+ Kf7 41. Qxf8+ Kxf8 42. Rb6 Nb4 43. Rxb4 cxb4 44. a6 1-0

[Event "Sparkassen-Open A"]
[Site "Heusenstamm, Martinsee"]
[Date "2017.11.24"]
[Round "3.102"]
[White "Büse, Ralf"]
[Black "Deuer, Marius"]
[Result "1/2-1/2"]
[WhiteElo "1881"]
[BlackElo "1754"]
[PlyCount "29"]
[EventDate "2017.??.??"]
[WhiteTeam "SC Ladja Roßdorf"]
[BlackTeam "SC Weiße Dame Ulm"]

1. d4 Nf6 2. Bf4 g6 3. e3 Bg7 4. Nf3 O-O 5. h3 d6 6. Be2 Nbd7 7. O-O c5 8. c3
Rb8 9. a4 b6 10. Nbd2 a6 11. Bh2 Qc7 12. Bd3 b5 13. axb5 axb5 14. e4 e5 15. Qe2
1/2-1/2

[Event "Sparkassen-Open A"]
[Site "Heusenstamm, Martinsee"]
[Date "2017.11.24"]
[Round "3.103"]
[White "Launert, Martin"]
[Black "Meyer, Marcel"]
[Result "1-0"]
[WhiteElo "1879"]
[BlackElo "1751"]
[PlyCount "43"]
[EventDate "2017.??.??"]
[WhiteTeam "Sfr. Erbach"]
[BlackTeam "SC Herborn"]

1. e4 c6 2. d4 d5 3. Nc3 dxe4 4. Nxe4 Bf5 5. Ng3 Bg6 6. Nf3 e6 7. h4 h6 8. Bd3
Bxd3 9. Qxd3 Nd7 10. Bf4 Qa5+ 11. Bd2 Qc7 12. O-O-O Ngf6 13. Rhe1 Bd6 14. Nf5
Bf8 15. g3 Ng4 16. Qe2 O-O-O 17. Ne3 Nxe3 18. Bxe3 Bd6 19. Nd2 Nf6 20. Nc4 Be7
21. Bf4 Qd7 22. Qe5 1-0